[Event "Champ FRA - Under 12"]
[Site "Europe Echecs"]
[Date "2020.07.08"]
[Round "4"]
[White "BerthouJules"]
[Black "MindeBaptiste"]
[Result "1/2-1/2"]
[WhiteElo "1390"]
[BlackElo "1210"]
[PlyCount "98"]
[EventDate "2020.??.??"]

1. b3 e6 2. Nf3 d5 3. e3 c5 4. Bb2 Nf6 5. c4 dxc4 6. Bxc4 Be7 7. d4 cxd4 8.
Qxd4 Qxd4 9. Nxd4 O-O 10. Nc3 b6 11. O-O Bb7 12. Be2 Nc6 13. Bf3 Rac8 14. Rac1
Na5 15. Bxb7 Nxb7 16. Rfd1 h6 17. Nce2 Bc5 18. Nf3 Rcd8 19. Bd4 Bxd4 20. Nexd4
Rd5 21. Nc6 Rxd1+ 22. Rxd1 a6 23. Nfe5 Nd5 24. Nd7 Rc8 25. Rc1 Nc5 26. Nxc5
Rxc6 27. Nd3 Rxc1+ 28. Nxc1 Kf8 29. Ne2 Ke7 30. Kf1 Kd6 31. Ke1 Kc5 32. a3 a5
33. Kd2 b5 34. Nc3 Nxc3 35. Kxc3 b4+ 36. axb4+ axb4+ 37. Kd3 Kd5 38. e4+ Kc5
39. f4 f6 40. g4 g6 41. h4 g5 42. hxg5 hxg5 43. f5 e5 44. Ke3 Kb5 45. Kd2 Kc5
46. Kd3 Kb5 47. Ke3 Kb6 48. Kd3 Kc5 49. Ke3 Kb5 {Nulle par accord mutuel}
1/2-1/2

[Event "Champ FRA - Under 12"]
[Site "Europe Echecs"]
[Date "2020.07.08"]
[Round "4"]
[White "LombartRemi"]
[Black "PalmasAdriana"]
[Result "1-0"]
[WhiteElo "1100"]
[BlackElo "1380"]
[PlyCount "117"]
[EventDate "2020.??.??"]

1. e4 e5 2. Nf3 Nc6 3. Bc4 Bc5 4. c3 Nf6 5. d4 exd4 6. cxd4 Bb6 7. Nc3 O-O 8.
Bg5 d6 9. e5 dxe5 10. dxe5 Qxd1+ 11. Rxd1 Ng4 12. Bf4 Nxf2 13. Rd2 Nxh1 14. Nd5
Bf2+ 15. Kf1 Bc5 16. b4 Nxb4 17. Nxc7 Rb8 18. e6 Bxe6 19. Nxe6 fxe6 20. Bxe6+
Kh8 21. Bxb8 Rxb8 22. Ng5 Rf8+ 23. Nf7+ Kg8 24. Rd7 h6 25. Ke2 Re8 26. Nd6+ Kh7
27. Nxe8 h5 28. Rxg7+ Kh6 29. Rxb7 a5 30. Rc7 Bd4 31. Nd6 Be5 32. Nf5+ Kg5 33.
Rc5 Bxh2 34. Ng3+ Kf4 35. Nxh1 a4 36. Rc4+ Ke5 37. Rxb4 Kxe6 38. Rxa4 h4 39.
Rxh4 Be5 40. Re4 Kf5 41. Rxe5+ Kxe5 42. Ke3 Kf5 43. a4 Ke5 44. g4 Kf6 45. Kd4
Kg5 46. a5 Kxg4 47. a6 Kf4 48. a7 Kf5 49. a8=Q Kf4 50. Qe4+ Kg5 51. Ke5 Kh5 52.
Ng3+ Kg5 53. Qf5+ Kh4 54. Qf4+ Kh3 55. Qg5 Kg2 56. Ke4 Kh3 57. Kf3 Kh2 58. Nf1+
Kh3 59. Qh5# {PalmasAdriana est échec et mat} 1-0

[Event "Champ FRA - Under 12"]
[Site "Europe Echecs"]
[Date "2020.07.08"]
[Round "4"]
[White "EhrhardEmeric"]
[Black "FolioThomas"]
[Result "1/2-1/2"]
[WhiteElo "1096"]
[BlackElo "1364"]
[PlyCount "141"]
[EventDate "2020.??.??"]

1. d4 Nf6 2. c4 g6 3. Nc3 d5 4. cxd5 Nxd5 5. Bg5 h6 6. Bh4 Bg7 7. e3 O-O 8. Nf3
Nxc3 9. bxc3 c5 10. Bg3 Nc6 11. Bb5 a6 12. Bxc6 bxc6 13. O-O cxd4 14. cxd4 a5
15. Qc2 Bb7 16. Rab1 Qd7 17. Rb2 Rac8 18. Rfb1 Ba8 19. Qc5 Rfe8 20. Qxa5 c5 21.
Qd2 Bxf3 22. gxf3 cxd4 23. exd4 Qxd4 24. Qxd4 Bxd4 25. Rb4 Bg7 26. a4 Ra8 27.
R1b3 Rec8 28. Ra3 e6 29. Rb5 Bf8 30. Ra2 Rc6 31. a5 Rca6 32. Be5 Be7 33. Bc3 f6
34. Kf1 Kf7 35. Ke2 f5 36. Kd3 Rd8+ 37. Ke2 Rc8 38. Kd2 Bg5+ 39. Kc2 Bf6 40.
Ra3 Rac6 41. Rbb3 R8c7 42. Kd2 Bg5+ 43. Ke2 Bf4 44. h3 Bd6 45. Bb4 Bxb4 46.
Rxb4 Rc2+ 47. Kf1 R2c6 48. a6 Ra7 49. Rb7+ Rxb7 50. axb7 Rb6 51. Ra7 Kf6 52.
Ke2 Ke5 53. Kd3 Kd5 54. Kc3 Kc6 55. Kd4 Kd6 56. Kc4 e5 57. Kd3 g5 58. Kc4 Kc6
59. b8=Q Rxb8 60. Ra6+ Kd7 61. Rxh6 Rb2 62. Kd5 Rxf2 63. Rh7+ Kc8 64. Kxe5 Rxf3
65. Rh5 g4 66. hxg4 fxg4 67. Rg5 g3 68. Ke4 Rb3 69. Kf4 Kd7 70. Rxg3 Rxg3 71.
Kxg3 {Aucun joueur n'a le mat&eacute;riel pour mater} 1/2-1/2

[Event "Champ FRA - Under 12"]
[Site "Europe Echecs"]
[Date "2020.07.08"]
[Round "4"]
[White "GuilloudRemi"]
[Black "RenaudinThibau"]
[Result "1-0"]
[WhiteElo "1352"]
[BlackElo "1190"]
[PlyCount "49"]
[EventDate "2020.??.??"]

1. e4 Nf6 2. e5 Nd5 3. d4 d6 4. f4 c5 5. Bc4 Nb6 6. Bb5+ Nc6 7. d5 a6 8. Bxc6+
bxc6 9. dxc6 Qc7 10. Nf3 Qxc6 11. Nc3 Bg4 12. O-O g6 13. Be3 Nc4 14. Qe2 Bxf3
15. Rxf3 Nb6 16. Rd1 Rd8 17. exd6 Rxd6 18. Rxd6 exd6 19. Bd4+ Be7 20. Bxh8 Nd7
21. Re3 Kd8 22. Rxe7 Kc7 23. Qg4 f5 24. Qf3 Qb6 25. Nd5+ {RenaudinThibau a
abandonné} 1-0

[Event "Champ FRA - Under 12"]
[Site "Europe Echecs"]
[Date "2020.07.08"]
[Round "4"]
[White "AvcharovLevon"]
[Black "RoblinOlivier"]
[Result "1-0"]
[WhiteElo "1075"]
[BlackElo "1352"]
[PlyCount "137"]
[EventDate "2020.??.??"]

1. g3 d5 2. Bg2 e5 3. d3 c5 4. Nf3 Nc6 5. O-O Nf6 6. c4 d4 7. Qb3 Qb6 8. Qxb6
axb6 9. a4 Bd6 10. b3 O-O 11. e3 Bf5 12. e4 Bg4 13. Bg5 Bxf3 14. Bxf3 Nd7 15.
Nd2 f6 16. Bg4 Ndb8 17. Be6+ Kh8 18. Bh4 Nb4 19. g4 Nxd3 20. Rfe1 Nxe1 21. Rxe1
Re8 22. Bd5 Nc6 23. g5 h6 24. gxf6 g5 25. Bg3 Rf8 26. f7 Nb4 27. Be6 Nd3 28.
Re2 Nf4 29. Bxf4 exf4 30. f3 Be5 31. Bd5 Rad8 32. Nf1 Rd7 33. h3 Kg7 34. Nh2 h5
35. Kg2 Rfxf7 36. Bxf7 Rxf7 37. Rd2 Rd7 38. Kf2 Kg6 39. Ke2 Kh6 40. Nf1 Kg6 41.
Nh2 Kh6 42. Kf2 Kh7 43. Ke2 Kg7 44. Kd3 Kf7 45. Kc2 Kg6 46. Kb2 Kh6 47. Ka3 Kg7
48. b4 Kh6 49. a5 Rd8 50. axb6 Ra8+ 51. Kb2 Ra4 52. Kb3 Rxb4+ 53. Ka3 Rxb6 54.
Nf1 Ra6+ 55. Kb2 Rb6+ 56. Kc1 Ra6 57. Rb2 Ra1+ 58. Rb1 Ra4 59. Rxb7 Rb4 60.
Rxb4 cxb4 61. Kb2 Bd6 62. Kb3 Kg6 63. Nd2 Kf6 64. Ka4 Ke6 65. Nb3 Kd7 66. c5
Be5 67. Kxb4 d3 68. Kc4 Kc6 69. Na5+ {RoblinOlivier a perdu au temps} 1-0

[Event "Champ FRA - Under 12"]
[Site "Europe Echecs"]
[Date "2020.07.08"]
[Round "4"]
[White "FolioPierre"]
[Black "HamdadMounir"]
[Result "1-0"]
[WhiteElo "1349"]
[BlackElo "1167"]
[PlyCount "57"]
[EventDate "2020.??.??"]

1. Nf3 d5 2. d4 Nc6 3. c4 e6 4. Nc3 Nf6 5. g3 Bb4 6. c5 Ne4 7. Bd2 Qf6 8. Bg2
Nxd4 9. Nxe4 Nxf3+ 10. exf3 Bxd2+ 11. Nxd2 O-O 12. O-O e5 13. Nb3 Be6 14. Re1
Rfd8 15. Qe2 d4 16. Qxe5 Qxe5 17. Rxe5 d3 18. Rd1 Bxb3 19. axb3 Rd7 20. f4 c6
21. Rde1 g6 22. Rd1 Rad8 23. Re3 d2 24. Kf1 Rd3 25. Ke2 R3d4 26. Re7 Kf8 27.
Rxb7 Re8+ 28. Kf1 Rd6 29. cxd6 {HamdadMounir a perdu au temps} 1-0

[Event "Champ FRA - Under 12"]
[Site "Europe Echecs"]
[Date "2020.07.08"]
[Round "4"]
[White "SchutzBastien"]
[Black "ScoupeLuca"]
[Result "0-1"]
[WhiteElo "1343"]
[BlackElo "1095"]
[PlyCount "92"]
[EventDate "2020.??.??"]

1. d4 d5 2. Bf4 Nf6 3. Nf3 e6 4. e3 Bd6 5. Bg3 O-O 6. Bd3 b6 7. O-O Bb7 8. Nbd2
c5 9. c3 Nc6 10. Re1 h6 11. e4 dxe4 12. Nxe4 Bxg3 13. hxg3 Nd5 14. dxc5 bxc5
15. Nxc5 Qe7 16. Nxb7 Qxb7 17. Qb3 Rab8 18. Bc4 Qxb3 19. axb3 Rfd8 20. Ra6 Rb6
21. Ne5 Nxe5 22. Rxe5 Rxa6 23. Bxa6 Nc7 24. Bc4 Rd2 25. Re2 Rd1+ 26. Kh2 Kf8
27. Kh3 f5 28. g4 Rh1+ 29. Kg3 fxg4 30. Kxg4 h5+ 31. Kf4 Rh4+ 32. Kg3 Rg4+ 33.
Kf3 Ke7 34. g3 Kf6 35. Kg2 a5 36. Kh3 a4 37. f3 Rg5 38. bxa4 Nd5 39. Bxd5 Rxd5
40. Re3 Rd1 41. b4 Kf5 42. g4+ Kf4 43. Rxe6 Kxf3 44. Kh2 hxg4 45. Re7 g3+ 46.
Kh3 Rh1# {SchutzBastien est échec et mat} 0-1

[Event "Champ FRA - Under 12"]
[Site "Europe Echecs"]
[Date "2020.07.08"]
[Round "4"]
[White "DebbicheIdriss"]
[Black "RosuAndrei"]
[Result "1-0"]
[WhiteElo "1065"]
[BlackElo "1342"]
[PlyCount "67"]
[EventDate "2020.??.??"]

1. Nf3 Nc6 2. g3 g6 3. Bg2 Bg7 4. O-O Nf6 5. d3 d6 6. c4 O-O 7. Nc3 Bd7 8. Rb1
Re8 9. b4 a6 10. b5 axb5 11. cxb5 Na7 12. Bd2 c6 13. a4 Qb6 14. Be3 Qc7 15. b6
Qd8 16. bxa7 Bc8 17. Qc2 c5 18. Nd2 Rxa7 19. Rb2 Bd7 20. Rxb7 Rxb7 21. Bxb7 Qa5
22. Bg2 Ng4 23. Bf4 Bxc3 24. Nc4 Qb4 25. Rb1 Bxa4 26. Qc1 Qxb1 27. Qxb1 Bd4 28.
e3 Bc3 29. h3 Nf6 30. Qc1 Bb4 31. d4 cxd4 32. exd4 Rc8 33. Bf1 d5 34. Qb1 {
RosuAndrei a perdu au temps} 1-0

[Event "Champ FRA - Under 12"]
[Site "Europe Echecs"]
[Date "2020.07.08"]
[Round "4"]
[White "CaullychurnAmb"]
[Black "LorhoJade"]
[Result "0-1"]
[WhiteElo "1051"]
[BlackElo "1335"]
[PlyCount "212"]
[EventDate "2020.??.??"]

1. e4 e5 2. Nf3 Nc6 3. Bc4 Bc5 4. c3 Nf6 5. d4 exd4 6. cxd4 Bb4+ 7. Bd2 Bxd2+
8. Nbxd2 d6 9. O-O O-O 10. Re1 Bg4 11. h3 Bh5 12. Rc1 Nxd4 13. g4 Nxf3+ 14.
Nxf3 Bg6 15. e5 dxe5 16. Nxe5 Re8 17. Nxg6 hxg6 18. Qb3 Qd7 19. Red1 Qe7 20.
Re1 Qf8 21. Rxe8 Qxe8 22. Qxb7 Qd7 23. Qxa8+ Kh7 24. Qxa7 Kh8 25. Bb3 Qd3 26.
Rxc7 Qxh3 27. Rxf7 Qxg4+ 28. Kf1 Qh3+ 29. Ke2 Qg4+ 30. f3 Qf5 31. Rxg7 Qe5+ 32.
Kf1 Qb5+ 33. Ke1 Qe5+ 34. Kd2 Qxb2+ 35. Kd3 Qb1+ 36. Bc2 Qb5+ 37. Kd2 Qd5+ 38.
Kc1 Qg5+ 39. Kb2 Qe5+ 40. Kb3 Qb5+ 41. Ka3 Qd5 42. Rd7 Nxd7 43. Bb3 Qd6+ 44.
Kb2 Qd2+ 45. Bc2 Qb4+ 46. Kc1 Qf4+ 47. Kb1 Qb4+ 48. Bb3 Qe1+ 49. Kc2 Qe2+ 50.
Kb1 Qd3+ 51. Kb2 Qd2+ 52. Ka3 Qd6+ 53. Ka4 Nc5+ 54. Ka3 Nxb3+ 55. Kxb3 Qd3+ 56.
Kb2 Qd2+ 57. Kb1 Qd3+ 58. Kb2 Qd2+ 59. Kb3 Qd3+ 60. Kb4 Qb1+ 61. Kc4 Qc2+ 62.
Kb5 Qb2+ 63. Kc6 Qc3+ 64. Kb6 Qe3+ 65. Ka6 Qe2+ 66. Kb7 Qxf3+ 67. Kb8 Qf4+ 68.
Qc7 Qb4+ 69. Qb7 Qf4+ 70. Ka8 Qa4+ 71. Qa7 Qe4+ 72. Kb8 Qb4+ 73. Qb7 Qd6+ 74.
Qc7 Qb4+ 75. Ka8 Qa4+ 76. Qa7 Qc6+ 77. Kb8 Qb5+ 78. Kc8 Qc6+ 79. Qc7 Qa6+ 80.
Kd8 Qxa2 81. Qc3+ Kh7 82. Qh3+ Kg7 83. Qd7+ Qf7 84. Qd4+ Qf6+ 85. Qxf6+ Kxf6
86. Kd7 g5 87. Kd6 Kf5 88. Kd5 Kf4 89. Kd4 Kf3 90. Kd3 g4 91. Kd2 Kf2 92. Kd3
g3 93. Ke4 g2 94. Kf4 g1=Q 95. Kf5 Qb1+ 96. Ke5 Qb4 97. Kd5 Qf4 98. Kc5 Qe4 99.
Kd6 Kf3 100. Kd7 Qg6 101. Kc7 Qe6 102. Kb7 Ke4 103. Kc7 Kd5 104. Kd8 Qf7 105.
Kc8 Kc6 106. Kd8 Qd7# {CaullychurnAmb est échec et mat} 0-1

[Event "Champ FRA - Under 12"]
[Site "Europe Echecs"]
[Date "2020.07.08"]
[Round "4"]
[White "GuertonDimitri"]
[Black "RoySuvrojita"]
[Result "1-0"]
[WhiteElo "1334"]
[BlackElo "1080"]
[PlyCount "101"]
[EventDate "2020.??.??"]

1. e4 e6 2. d4 d5 3. e5 c5 4. c3 Nc6 5. Nf3 Bd7 6. a3 cxd4 7. cxd4 Nge7 8. Be2
Nf5 9. O-O Be7 10. Nc3 O-O 11. Bb5 f6 12. Bxc6 Bxc6 13. b4 a6 14. Be3 Bb5 15.
Nxb5 axb5 16. Qe2 Qd7 17. Qd3 fxe5 18. Nxe5 Qd6 19. Bf4 Nh4 20. g3 Rf7 21. Nxf7
Qd7 22. Ne5 Qe8 23. gxh4 Qh5 24. Qg3 Bxh4 25. Qg4 Qxg4+ 26. Nxg4 Rf8 27. Bg3
Bg5 28. Rfe1 Re8 29. Ra2 h5 30. Ne3 h4 31. Be5 Rf8 32. Rc2 Bxe3 33. Rxe3 h3 34.
Rxh3 Rf5 35. Rc7 Rg5+ 36. Kf1 Kf8 37. Rf3+ Kg8 38. Rff7 Kh7 39. Rxg7+ Rxg7 40.
Rxg7+ Kh6 41. Kg2 Kh5 42. Kf3 Kh6 43. Kg4 b6 44. Rg5 Kh7 45. Rh5+ Kg6 46. Rg5+
Kf7 47. Rg7+ Kf8 48. Kg5 Ke8 49. Kf6 Kd8 50. Kxe6 Ke8 51. Rg8# {RoySuvrojita
est échec et mat} 1-0

[Event "Champ FRA - Under 12"]
[Site "Europe Echecs"]
[Date "2020.07.08"]
[Round "4"]
[White "ReymannNathan"]
[Black "CavillotDelest"]
[Result "1-0"]
[WhiteElo "1330"]
[BlackElo "1063"]
[PlyCount "47"]
[EventDate "2020.??.??"]

1. e4 e5 2. Nf3 Nc6 3. Bb5 Bc5 4. O-O d6 5. Re1 Bd7 6. c3 Nf6 7. d4 exd4 8.
cxd4 Bb4 9. Nc3 O-O 10. a3 Ba5 11. Bg5 a6 12. Ba4 b5 13. Bc2 h6 14. Bh4 Bg4 15.
e5 dxe5 16. d5 Nd4 17. Rxe5 Bxf3 18. Qxd4 Bxc3 19. bxc3 Bg4 20. Rae1 g5 21.
Bxg5 hxg5 22. Rxg5+ Kh8 23. Rxg4 Qxd5 24. Qxf6# {CavillotDelest est échec et
mat} 1-0

[Event "Champ FRA - Under 12"]
[Site "Europe Echecs"]
[Date "2020.07.08"]
[Round "4"]
[White "LedouxHugo"]
[Black "EbelePierre"]
[Result "1-0"]
[WhiteElo "1322"]
[BlackElo "1053"]
[PlyCount "107"]
[EventDate "2020.??.??"]

1. e4 d5 2. exd5 Nf6 3. Nc3 Nxd5 4. Nxd5 Qxd5 5. Nf3 Nc6 6. b3 e5 7. Bc4 Qe4+
8. Qe2 Qxe2+ 9. Bxe2 Bc5 10. Bb2 Bd6 11. O-O-O O-O 12. d4 exd4 13. Nxd4 Nxd4
14. Rxd4 Re8 15. Bc4 Be5 16. Re4 Bxb2+ 17. Kxb2 Rxe4 18. Rd1 Be6 19. Bd3 Re5
20. f4 Rh5 21. h3 g5 22. Be2 g4 23. hxg4 Rh2 24. Bf3 Re8 25. Bxb7 Bxg4 26. Rd5
Kg7 27. Rg5+ Kf6 28. Rxg4 h5 29. Rg5 h4 30. Ra5 Re4 31. Bxe4 h3 32. gxh3 Rxh3
33. Rxa7 Rh4 34. Rxc7 Rxf4 35. Rc3 Rxe4 36. a4 Ke5 37. Ka3 f5 38. b4 f4 39. a5
Re3 40. Kb3 Rxc3+ 41. Kxc3 f3 42. Kd2 Ke4 43. Ke1 Ke3 44. Kf1 f2 45. a6 Kf3 46.
a7 Ke3 47. a8=Q Kd2 48. Qd5+ Kxc2 49. Kxf2 Kc3 50. Ke3 Kb2 51. Kd2 Kb1 52. Kc3
Ka1 53. Qd2 Kb1 54. Qb2# {EbelePierre est échec et mat} 1-0

[Event "Champ FRA - Under 12"]
[Site "Europe Echecs"]
[Date "2020.07.08"]
[Round "4"]
[White "BouvierMenardB"]
[Black "PoulainEmilien"]
[Result "0-1"]
[WhiteElo "1034"]
[BlackElo "1322"]
[PlyCount "82"]
[EventDate "2020.??.??"]

1. e4 d6 2. d4 Nf6 3. Nc3 g6 4. Nf3 Bg7 5. Be3 Bg4 6. Be2 c6 7. Qd2 Qb6 8.
O-O-O O-O 9. e5 Nfd7 10. exd6 exd6 11. h3 Bxf3 12. Bxf3 d5 13. Bh6 Nf6 14. Bxg7
Kxg7 15. Rhe1 Nbd7 16. Re2 Rfe8 17. Rde1 Rxe2 18. Rxe2 Re8 19. Bg4 Rxe2 20.
Bxe2 Qc7 21. g3 Qd6 22. Bg4 Nxg4 23. hxg4 Nf6 24. g5 Nd7 25. Qf4 Qxf4+ 26. gxf4
Nf8 27. Kd2 Ne6 28. Ke3 f6 29. gxf6+ Kxf6 30. Ne2 h5 31. Ng3 h4 32. Nf1 Kf5 33.
Nh2 Nxf4 34. Kf3 Ne6 35. Kg2 Nxd4 36. c3 Ne6 37. Kh3 g5 38. Nf3 Kf4 39. Nh2 c5
40. f3 d4 41. cxd4 cxd4 {BouvierMenardB a abandonné} 0-1

[Event "Champ FRA - Under 12"]
[Site "Europe Echecs"]
[Date "2020.07.08"]
[Round "4"]
[White "ParalieuEmma"]
[Black "LamorelleAlexe"]
[Result "1-0"]
[WhiteElo "1312"]
[BlackElo "1009"]
[PlyCount "67"]
[EventDate "2020.??.??"]

1. e4 e5 2. Nf3 Nc6 3. Bc4 Bc5 4. c3 Nf6 5. d3 d5 6. a4 dxc4 7. b4 Bd6 8. dxc4
Nxe4 9. Qc2 Nf6 10. Bg5 Bg4 11. Nbd2 Qd7 12. Bxf6 gxf6 13. h3 Bh5 14. Qb3 Rd8
15. O-O-O Qf5 16. g4 Bxg4 17. hxg4 Qxg4 18. Rhg1 Qe6 19. Rge1 a5 20. b5 Na7 21.
Nd4 Qd7 22. N4f3 Rg8 23. Ne4 Qe7 24. Nxd6+ Rxd6 25. Rxd6 Qxd6 26. Rd1 Qe6 27.
Nd2 Rg2 28. Ne4 Qf5 29. Qc2 Qf4+ 30. Kb1 f5 31. Qd3 Kf8 32. Qd8+ Kg7 33. Qf6+
Kf8 34. Rd8# {LamorelleAlexe est échec et mat} 1-0

[Event "Champ FRA - Under 12"]
[Site "Europe Echecs"]
[Date "2020.07.08"]
[Round "4"]
[White "KarushkovNguye"]
[Black "SanguinettiEdo"]
[Result "0-1"]
[WhiteElo "1013"]
[BlackElo "1312"]
[PlyCount "60"]
[EventDate "2020.??.??"]

1. e4 e6 2. d4 d5 3. e5 c5 4. c3 Nc6 5. Nf3 Nh6 6. Bd3 cxd4 7. cxd4 Nf5 8. Bxf5
exf5 9. Nc3 Be6 10. O-O Bb4 11. Bd2 a6 12. a3 Ba5 13. b4 Bb6 14. Be3 Rc8 15.
Rc1 O-O 16. Qd2 Rc7 17. Rc2 Qd7 18. Rfc1 Rfc8 19. b5 Na7 20. bxa6 bxa6 21. Ne2
Nb5 22. Rxc7 Rxc7 23. Rxc7 Qxc7 24. Nf4 Nxa3 25. Nxe6 fxe6 26. h3 Nc4 27. Qa2
Nxe3 28. fxe3 Qc1+ 29. Kf2 Qc4 30. Qxa6 Qxa6 {KarushkovNguye a abandonné} 0-1

[Event "Champ FRA - Under 12"]
[Site "Europe Echecs"]
[Date "2020.07.08"]
[Round "4"]
[White "MekdachiMathie"]
[Black "LambertHoareau"]
[Result "1-0"]
[WhiteElo "999"]
[BlackElo "1348"]
[PlyCount "81"]
[EventDate "2020.??.??"]

1. f4 e5 2. e3 exf4 3. exf4 Nc6 4. Nf3 d5 5. d4 Bg4 6. Be2 Nf6 7. O-O Bd6 8.
Ne5 Bxe2 9. Qxe2 O-O 10. c3 Re8 11. Qb5 Bxe5 12. fxe5 Ne4 13. Qxb7 Ne7 14. Nd2
Nxd2 15. Bxd2 Ng6 16. Qb3 Rb8 17. Qc2 Re6 18. Qf5 Nh4 19. Qxf7+ Kh8 20. Qxe6
Rxb2 21. Qd7 Qg8 22. Qg4 Nxg2 23. Qxg2 h6 24. Rfd1 Qh7 25. Qh3 Qg6+ 26. Qg3 Qe4
27. Qf4 Qg6+ 28. Kf2 Qh5 29. Rg1 g5 30. Qf6+ Kh7 31. Rad1 Qxh2+ 32. Rg2 Qh4+
33. Kg1 Qh5 34. Qe7+ Kg8 35. Qe6+ Kh7 36. Qf5+ Kg8 37. Rf1 Rb8 38. Qe6+ Kh8 39.
Rgf2 Rg8 40. Rf8 c5 41. Qxg8# {LambertHoareau est échec et mat} 1-0

[Event "Champ FRA - Under 12"]
[Site "Europe Echecs"]
[Date "2020.07.08"]
[Round "4"]
[White "GrallKewan"]
[Black "FontaineMaelys"]
[Result "1-0"]
[WhiteElo "1054"]
[BlackElo "1500"]
[PlyCount "45"]
[EventDate "2020.??.??"]

1. d4 d5 2. Bf4 Bf5 3. Nf3 Nf6 4. e3 e6 5. c4 c6 6. Nc3 Bd6 7. Bg3 O-O 8. Bd3
Ne4 9. cxd5 cxd5 10. Nxe4 dxe4 11. Bxd6 Qxd6 12. Bxe4 Bxe4 13. O-O Nd7 14. Ng5
Nf6 15. f3 Bc6 16. Qc2 Rac8 17. Qd3 a6 18. e4 Bb5 19. Qe3 Bxf1 20. e5 Qb4 21.
Rxf1 Nd5 22. Qe4 Qxb2 23. Qxh7# {FontaineMaelys est échec et mat} 1-0

[Event "Champ FRA - Under 12"]
[Site "Europe Echecs"]
[Date "2020.07.08"]
[Round "4"]
[White "AymericElijah"]
[Black "CastagnerolThi"]
[Result "0-1"]
[WhiteElo "1450"]
[BlackElo "1165"]
[PlyCount "112"]
[EventDate "2020.??.??"]

1. e4 e5 2. Nf3 Nc6 3. Bc4 Be7 4. Nc3 d6 5. d4 exd4 6. Nxd4 Nxd4 7. Qxd4 Nf6 8.
O-O O-O 9. Nd5 Nxd5 10. Qxd5 Be6 11. Qd3 Bxc4 12. Qxc4 Bf6 13. Re1 Re8 14. Rb1
g6 15. Bf4 Qd7 16. b3 Be5 17. Bxe5 Rxe5 18. h3 Rae8 19. f3 Qc6 20. Qxc6 bxc6
21. c4 d5 22. cxd5 cxd5 23. Kf2 dxe4 24. Rxe4 Rxe4 25. fxe4 Rxe4 26. Rc1 Re7
27. a4 f5 28. b4 Kf8 29. b5 Ke8 30. Rd1 Rd7 31. Re1+ Kf7 32. Re5 Rd4 33. a5 Rc4
34. Ke3 Kf6 35. Rd5 Ke6 36. Rd4 Rxd4 37. Kxd4 Kd6 38. Kc4 g5 39. Kd4 h5 40. g3
h4 41. gxh4 gxh4 42. Ke3 Ke5 43. Kf3 f4 44. Ke2 Ke4 45. Kf2 f3 46. Kf1 Ke3 47.
Ke1 Ke4 48. Kf2 Kf4 49. Kf1 Kg3 50. Kg1 Kxh3 51. Kf2 Kg4 52. Kg1 Kg3 53. Kf1 h3
54. Kg1 h2+ 55. Kh1 f2 56. b6 f1=Q# {AymericElijah est échec et mat} 0-1

[Event "Champ FRA - Under 12"]
[Site "Europe Echecs"]
[Date "2020.07.08"]
[Round "4"]
[White "ValentinAnasta"]
[Black "HenadciIlyan"]
[Result "0-1"]
[WhiteElo "1360"]
[BlackElo "1191"]
[PlyCount "50"]
[EventDate "2020.??.??"]

1. e4 e5 2. Nf3 Nc6 3. Nc3 Nf6 4. Bb5 d6 5. d3 Bg4 6. h3 Bh5 7. Bg5 h6 8. Bxf6
Qxf6 9. Nd5 Qd8 10. O-O g6 11. g4 Bxg4 12. hxg4 Bg7 13. Re1 O-O 14. Qd2 Nd4 15.
Nxd4 exd4 16. Bc4 Qh4 17. Kf1 Qxg4 18. Nxc7 Rac8 19. Bxf7+ Rxf7 20. Nd5 Qf3 21.
Re2 Rcf8 22. Kg1 Be5 23. Rf1 Qg4+ 24. Kh1 Qh3+ 25. Kg1 Qh2# {ValentinAnasta
est échec et mat} 0-1

[Event "Champ FRA - Under 12"]
[Site "Europe Echecs"]
[Date "2020.07.08"]
[Round "4"]
[White "BiardNoah"]
[Black "SaelenTitouan"]
[Result "1-0"]
[WhiteElo "1339"]
[BlackElo "1152"]
[PlyCount "125"]
[EventDate "2020.??.??"]

1. e4 c5 2. Nf3 Nc6 3. d4 cxd4 4. Nxd4 d6 5. Nc3 e5 6. Ndb5 a6 7. Na3 Nf6 8.
Nab1 g6 9. Nd5 Bg7 10. Nbc3 O-O 11. Be2 Ne7 12. f3 Nexd5 13. Nxd5 Nxd5 14. Qxd5
Be6 15. Qxb7 a5 16. O-O Rb8 17. Qa7 Re8 18. Qf2 Qd7 19. Be3 Rec8 20. Bd3 Rxb2
21. Qd2 Bc4 22. Rfc1 Bxd3 23. Qxd3 Rbb8 24. Rab1 Rxb1 25. Rxb1 Qa4 26. Qb3 Qxb3
27. cxb3 Rc2 28. a4 Kf8 29. Bb6 Bh6 30. Bxa5 Be3+ 31. Kf1 Ke7 32. b4 Kd7 33. b5
Kc8 34. Bb4 Rf2+ 35. Ke1 Ra2 36. a5 Kb7 37. Bxd6 Rxa5 38. Ke2 Bf4 39. g3 Ra2+
40. Kd3 Rd2+ 41. Kc4 Rxd6 42. gxf4 exf4 43. Kc5 Rb6 44. Rd1 Re6 45. Rd7+ Kc8
46. Rd6 Re7 47. Rc6+ Kb7 48. Rb6+ Kc7 49. Rd6 Re5+ 50. Rd5 Re6 51. e5 g5 52. h3
h5 53. Kd4 Kb6 54. Rd6+ Rxd6+ 55. exd6 Kb7 56. Ke4 g4 57. fxg4 hxg4 58. hxg4
Kc8 59. Kxf4 Kd7 60. Ke5 Kd8 61. b6 Kc8 62. Kf6 Kd7 63. b7 {SaelenTitouan a
abandonné} 1-0

[Event "Champ FRA - Under 12"]
[Site "Europe Echecs"]
[Date "2020.07.08"]
[Round "4"]
[White "TureshbayevAno"]
[Black "LarioumlilWass"]
[Result "1-0"]
[WhiteElo "799"]
[BlackElo "1295"]
[PlyCount "101"]
[EventDate "2020.??.??"]

1. e4 d5 2. exd5 Nf6 3. Nc3 e6 4. dxe6 Bxe6 5. Nf3 Qe7 6. Be2 Bc4 7. d3 Be6 8.
O-O Nc6 9. d4 O-O-O 10. Bg5 h6 11. Bxf6 Qxf6 12. d5 Ne5 13. Nxe5 Qxe5 14. f4
Qf5 15. h3 Bxd5 16. Bg4 Be6 17. Bxf5 Rxd1 18. Bxe6+ Rd7 19. Bxd7+ Kxd7 20.
Rad1+ Kc8 21. Rfe1 Bc5+ 22. Kh1 g5 23. fxg5 hxg5 24. Rd5 Bb6 25. Rxg5 f6 26.
Rf5 Bd4 27. Nd5 Rf8 28. Re6 Be5 29. Nxf6 Bd6 30. Re8+ Rxe8 31. Nxe8 Be7 32. Nf6
c6 33. b3 Ba3 34. Kg1 b6 35. Kf2 Bc5+ 36. Kf3 Kd8 37. Rxc5 bxc5 38. g4 Ke7 39.
g5 Kf7 40. h4 Kg6 41. Kf4 a5 42. h5+ Kg7 43. Kf5 c4 44. h6+ Kf7 45. g6+ Kf8 46.
g7+ Kf7 47. g8=Q+ Ke7 48. Qe8+ Kd6 49. Qd7+ Kc5 50. Ne4+ Kb5 51. Qb7# {
LarioumlilWass est échec et mat} 1-0

[Event "Champ FRA - Under 12"]
[Site "Europe Echecs"]
[Date "2020.07.08"]
[Round "4"]
[White "ColinPenelope"]
[Black "BaudouinMoise"]
[Result "0-1"]
[WhiteElo "1290"]
[BlackElo "1135"]
[PlyCount "64"]
[EventDate "2020.??.??"]

1. e4 e6 2. d4 d5 3. Nc3 c5 4. exd5 exd5 5. Bb5+ Nc6 6. Nf3 Nf6 7. O-O Bd6 8.
Re1+ Be6 9. Bxc6+ bxc6 10. Ng5 Qc7 11. Nf3 O-O 12. dxc5 Bxc5 13. Be3 Bxe3 14.
Rxe3 c5 15. Nb5 Qb6 16. a4 a6 17. Na3 d4 18. Re2 Bg4 19. Re1 Rfe8 20. Rxe8+
Rxe8 21. Nc4 Qe6 22. b3 Bxf3 23. gxf3 Nh5 24. Qd2 Qg6+ 25. Kf1 Qf6 26. Re1
Rxe1+ 27. Qxe1 h6 28. Qe8+ Kh7 29. Qe4+ g6 30. Qd5 Qf4 31. Ne5 Qc1+ 32. Ke2
Nf4# {ColinPenelope est échec et mat} 0-1

[Event "Champ FRA - Under 12"]
[Site "Europe Echecs"]
[Date "2020.07.08"]
[Round "4"]
[White "EugeneNathael"]
[Black "AlsaiedZeina"]
[Result "1-0"]
[WhiteElo "1508"]
[BlackElo "1061"]
[PlyCount "99"]
[EventDate "2020.??.??"]

1. e4 e5 2. Nf3 Nc6 3. Bc4 Bc5 4. d4 exd4 5. c3 Qe7 6. O-O h6 7. cxd4 Bb6 8.
Nc3 Nf6 9. Bf4 d6 10. e5 dxe5 11. Bxe5 O-O 12. Bxf6 Qxf6 13. Nd5 Qd8 14. Re1
Be6 15. Nxb6 axb6 16. Bxe6 fxe6 17. Rxe6 Re8 18. Qb3 Kh8 19. Re5 Nxd4 20. Rxe8+
Qxe8 21. Nxd4 Rd8 22. Qe6 Qxe6 23. Nxe6 Rd7 24. Re1 c6 25. Kf1 Kg8 26. Ke2 Re7
27. Kd2 Rd7+ 28. Kc3 Kf7 29. Nd4 b5 30. Nf3 c5 31. Ne5+ Ke7 32. Nxd7+ Kxd7 33.
b4 cxb4+ 34. Kxb4 Kc6 35. Re6+ Kd5 36. Re7 g5 37. Rxb7 Kc6 38. Rh7 h5 39. Rxh5
g4 40. Rxb5 Kd6 41. g3 Ke6 42. Rc5 Kf6 43. a4 Ke6 44. a5 Kd6 45. a6 Ke6 46. a7
Kf6 47. a8=Q Kg6 48. Qa6+ Kf7 49. Rc7+ Ke8 50. Qc8# {AlsaiedZeina est échec
et mat} 1-0

[Event "Champ FRA - Under 12"]
[Site "Europe Echecs"]
[Date "2020.07.08"]
[Round "4"]
[White "LucaseudelineA"]
[Black "ManukyanVahan"]
[Result "0-1"]
[WhiteElo "1167"]
[BlackElo "1480"]
[PlyCount "42"]
[EventDate "2020.??.??"]

1. d4 d5 2. Nf3 Nc6 3. g3 Bf5 4. Bg2 e6 5. c4 Nb4 6. Qa4+ c6 7. O-O Nc2 8. cxd5
exd5 9. e4 Bxe4 10. Qb3 Nxa1 11. Qxb7 Qc8 12. Qxc8+ Rxc8 13. Nc3 Nc2 14. Bh3
Rd8 15. Ne5 Ne7 16. Bg5 f6 17. Nxd5 Bxd5 18. Bd7+ Rxd7 19. Nxd7 Kxd7 20. Bd2
Nxd4 21. Bc3 Ne2# {LucaseudelineA est échec et mat} 0-1